000 00306nam a2200121Ia 4500
008 231129s2002||||xx |||||||||||||| ||spa||
040 _bspa
082 _aR 343.052424 M294 2002
245 0 _aManual de retencion en la fuente legis.
260 _c2002
264 _aLegis Editores S.A..
942 _2ddc
_cBKS
999 _c20449
_d20449